000 00605nam a2200229Ia 4500
005 20250508165509.0
008 008 250505s9999 xx 000 0 eng d
020 _a978-0-415-58955-0
037 _aTextual
040 _aFEDL
_beng
_cFEDL
041 _aeng
_2eng
084 _a370, WOO
_qFEDL
100 _aWood Kay
_9600345
245 0 _aEducation: The basics
260 _aLondon, UK
_bRoutledge
_c2011
300 _axviii, 170p.
365 _aINR
_b6
490 _aThe Basics
546 _aSpecial Indian reprint, 2015
942 _cTEXL
_h370, WOO
999 _c1395457
_d1395457